Gençlikte Yeşeren Umut : Gazete Yazıları (Record no. 2148)

000 -LEADER
fixed length control field 00459nam a22001697a 4500
008 - FIXED-LENGTH DATA ELEMENTS--GENERAL INFORMATION
fixed length control field 180502b xxu||||| |||| 00| | tur d
041 ## - LANGUAGE CODE
Language code of text/sound track or separate title Türkçe
050 ## - LIBRARY OF CONGRESS CALL NUMBER
Classification number PL243.A4739
100 ## - MAIN ENTRY--PERSONAL NAME
9 (RLIN) 1119
Personal name Tomris Alpay
245 ## - TITLE STATEMENT
Title Gençlikte Yeşeren Umut : Gazete Yazıları
250 ## - EDITION STATEMENT
Edition statement 1.Baskı
260 ## - PUBLICATION, DISTRIBUTION, ETC.
Place of publication, distribution, etc. İstanbul
Name of publisher, distributor, etc. Yapı Kredi Yayınları
Date of publication, distribution, etc. Temmuz 1997
300 ## - PHYSICAL DESCRIPTION
Extent 135 Sayfa
500 ## - GENERAL NOTE
General note Edebiyat - 206
650 #0 - SUBJECT ADDED ENTRY--TOPICAL TERM
9 (RLIN) 145
Topical term or geographic name entry element Türk Edebiyatı
942 ## - ADDED ENTRY ELEMENTS (KOHA)
Source of classification or shelving scheme
Koha item type Books
Holdings
Withdrawn status Lost status Source of classification or shelving scheme Damaged status Not for loan Permanent Location Current Location Shelving location Date acquired Full call number Barcode Date last seen Price effective from Koha item type
        Ödünç verilemez İmren Ahmet Tüzün Kütüphanesi İmren Ahmet Tüzün Kütüphanesi Ahmet Tüzün 2018-05-02 PL243.A4739 100100002113 2018-05-02 2018-05-02 Books

This software was implemented, installed and managed by Devinim Software Training Consulting .